000 00509nam a2200169Ia 4500
999 _c23367
_d23367
003 OSt
005 20201208105500.0
008 190216s9999||||xx |||||||||||||| ||und||
020 _a9789382934523
040 _coclc
082 _a954.83
_bKUT/R
100 _aKuttikkulam, Latheef
_92073
245 0 _aRaheem Mecheriyude Lekhanasamaharam /
_cLatheef Kuttikulam
260 _bOlive Publications,
_c2015.
_aKozhikode:
300 _a457p
942 _cBK
_2ddc
_h954.83
_iKUT/R
_k954.83
_mKUT/R